| 000 | 01131cam a2200313 i 4500 | ||
|---|---|---|---|
| 001 | 70530 | ||
| 003 | Mx-PuUPA | ||
| 005 | 20260414100754.0 | ||
| 008 | 230824s2021 sp a gr 000 0 spa d | ||
| 017 | _aM-24097-2021 | ||
| 020 | _a9788413660660 | ||
| 040 |
_aMx-PuUPA _bspa _cMx-PuUPA _dMx-PuUPA _erda |
||
| 041 | 0 | _aspa | |
| 100 | 1 |
_aSánchez Estella, Óscar, _eautor _914705 |
|
| 245 | 1 | 0 |
_aAplicaciones informáticas de bases de datos relacionales : _bUF0322 / _cÓscar Sánchez Estella |
| 264 |
_a[España] : _bEdiciones Paraninfo, _c©2021 |
||
| 300 |
_axiii, 149 páginas : _bilustraciones, tablas ; _c24 cm |
||
| 336 |
_2rdacontent _atexto _btxt |
||
| 337 |
_2rdamedia _asin medio _bn |
||
| 338 |
_2rdacarrier _avolumen _bnc |
||
| 490 | 0 | _aTransversal | |
| 650 | 7 |
_2armarc _aBases de datos relacionales |
|
| 650 | 7 |
_2armarc _aMicrosoft Access (Programa de computadora) |
|
| 942 |
_2ddc _cLI _h005.756 _iS54 |
||
| 999 |
_c70530 _d70530 |
||